000 00284nam a22001097a 4500
008 170105b xxu||||| |||| 00| 0 eng d
020 _a9780803614635
041 _aeng
080 _210TH
_a618.2
245 _aDAVIS'S DRUG GUIDE FOR NURSES
_cDEGLIN, J.H & VALLERAND, A.H
942 _2udc
_cBK
999 _c2560
_d2560